Tratamiento informativo de la prensa escrita de la campaña electoral 2003 /
En este artículo, las autoras analizan el papel de dos de las principales empresas periodísticas del país, en la definición de los perfiles -ya sea de figuras, propuestas o partidos políticos en contienda- que estuvieron en juego, a lo largo de la campaña electoral para diputados y alcaldes, en el 2...
Uloženo v:
| Hlavní autor: | |
|---|---|
| Další autoři: | |
| Médium: | Text |
| Témata: | |
| Tagy: |
Přidat tag
Žádné tagy, Buďte první, kdo vytvoří štítek k tomuto záznamu!
|
MARC
| LEADER | 00000 a a2200000 04500 | ||
|---|---|---|---|
| 001 | 5191 | ||
| 003 | |||
| 040 | |||
| 100 | |a Umaña, Lorena | ||
| 245 | |a Tratamiento informativo de la prensa escrita de la campaña electoral 2003 / |c Lorena Umaña | ||
| 520 | |a En este artículo, las autoras analizan el papel de dos de las principales empresas periodísticas del país, en la definición de los perfiles -ya sea de figuras, propuestas o partidos políticos en contienda- que estuvieron en juego, a lo largo de la campaña electoral para diputados y alcaldes, en el 2003. El estudio se centra en el tratamiento informativo de las elecciones que hicieron La Prensa Gráfica, en su sección "Voto 2003", y El Diario de Hoy, en su sección "Elecciones 2003". El método se enfoca más a la valoración cualitativa del mensaje que a la cuantitativa. El análisis se desarrolla en cuatro grandes bloques temáticos: el tratamiento informativo de las propuestas políticas, de la propaganda, de las figuras políticas y de la ciudadanía | ||
| 650 | |a GOBIERNO LOCAL | ||
| 650 | |a ELECCIONES | ||
| 650 | |a NOTICIAS DE PRENSA | ||
| 650 | |a MEDIOS DE COMUNICACION | ||
| 650 | |a DISCURSOS | ||
| 650 | |a ANALISIS DE CONTENIDO | ||
| 700 | |a Guzmán, Nataly | ||
| 773 | |g volumen 58; páginas 239-257 | ||
| 999 | |c 23066 |d 23066 | ||
